000062233 001__ 62233
000062233 005__ 20170921121659.0
000062233 037__ $$aTAZ-TFG-2017-1250
000062233 041__ $$aspa
000062233 1001_ $$aHernando Pastor, Paula
000062233 24200 $$aAn approach to widowhood laws, with special regard to the expectant right period.
000062233 24500 $$aUna aproximación al derecho de viudedad, con especial atención a su fase de derecho expectante
000062233 260__ $$aZaragoza$$bUniversidad de Zaragoza$$c2017
000062233 506__ $$aby-nc-sa$$bCreative Commons$$c3.0$$uhttp://creativecommons.org/licenses/by-nc-sa/3.0/
000062233 520__ $$aEl derecho de viudedad es una institución unitaria, si bien integrada en dos fases. Así, durante el matrimonio se manifiesta como derecho expectante y tras el fallecimiento de uno de los cónyuges como usufructo de todos los bienes del premuerto, como de los enajenados en vida sobre los que subsista el derecho de expectante de viudedad. De ambas fases la más peculiar es la del derecho expectante, en cuanto no constituye una mera expectativa al posterior usufructo de los bienes del otro cónyuge en caso de que fallezca, sino un gravamen sobre todos los bienes de ambos cónyuges, con independencia de su titularidad; ello sin perjuicio de que su diferente eficacia según la naturaleza de los bienes y la posibilidad de modularlo e incluso de suprimirlo por voluntad de los cónyuges y aún de terceros
000062233 521__ $$aGraduado en Derecho
000062233 540__ $$aDerechos regulados por licencia Creative Commons
000062233 700__ $$aLópez Azcona, Aurora$$edir.
000062233 7102_ $$aUniversidad de Zaragoza$$bDerecho Privado$$cDerecho Civil
000062233 8560_ $$f630664@celes.unizar.es
000062233 8564_ $$s573538$$uhttps://zaguan.unizar.es/record/62233/files/TAZ-TFG-2017-1250.pdf$$yMemoria (spa)
000062233 909CO $$ooai:zaguan.unizar.es:62233$$pdriver$$ptrabajos-fin-grado
000062233 950__ $$a
000062233 951__ $$adeposita:2017-09-20
000062233 980__ $$aTAZ$$bTFG$$cDER